Notas sobre la evolución del régimen legal de los gobernadores civiles : 1812-1958 / Miguel Ángel Pérez de la Canal 1812-1958 / Miguel Ángel Pérez de la Canal
Descripción Física:
113 p. ; 21 cm
Colección:
Colección estudios ; 6
Materias:
Governadors -- Espanya -- 1812/1958
MARC
| LEADER | 00000nam a2200000Ia 4500 | ||
|---|---|---|---|
| 001 | 13824 | ||
| 008 | 160829s1964 xx 000 0 cat d | ||
| 080 | |a M-4-40 | ||
| 100 | |a Pérez de la Canal, Miguel Ángel |9 26772 | ||
| 245 | |a Notas sobre la evolución del régimen legal de los gobernadores civiles : |b 1812-1958 / Miguel Ángel Pérez de la Canal | ||
| 260 | |a Madrid : |b Secretaria General Técnica del Ministerio de la Gobernación, |c 1964 | ||
| 300 | |a 113 p. ; |c 21 cm | ||
| 490 | |a Colección estudios ; 6 | ||
| 650 | |a Governadors |x Espanya |x 1812/1958 |9 26773 | ||
| 710 | 1 | |a Espanya. |b Ministerio de la Gobernación |9 55088 | |
| 901 | |a Arxiu | ||
| 942 | |n 1 | ||
| 952 | |0 0 |1 0 |4 0 |6 M440 |7 1 |9 44133 |a Arxiu |b Arxiu |d 2016-12-01 |l 0 |o M-4-40 |p 13824 |r 2016-12-01 00:00:00 |w 2016-12-01 |y ARXIU | ||
| 999 | |c 46713 |d 46713 | ||